[Event "HUN-chT2 Erkel 1819"]
[Site "Hungary"]
[Date "2019.03.10"]
[Round "7.4"]
[White "Kormos, Adam"]
[Black "Imecs, Laszlo"]
[Result "0-1"]
[WhiteElo "2184"]
[BlackElo "2091"]
[PlyCount "76"]
[EventDate "2018.10.28"]
[EventType "team-tourn"]
[EventRounds "9"]
[EventCountry "HUN"]
[SourceTitle "EXT 2021"]
[Source "ChessBase"]
[SourceDate "2020.10.23"]
[SourceVersion "1"]
[SourceVersionDate "2020.10.23"]
[SourceQuality "1"]
[WhiteTeam "Budapest EAC"]
[BlackTeam "Vac"]
[WhiteTeamCountry "HUN"]
[BlackTeamCountry "HUN"]

1. e4 d6 2. d4 c6 3. c4 Nf6 4. Nc3 Qc7 5. Bg5 Nbd7 6. Nf3 e5 7. c5 dxc5 8. dxe5 Ng4 9. Qd2 Ngxe5 10. 0-0-0 f6 11. Be3 Be7 12. Nh4 Nb6 13. f4 Nec4 14. Qf2 Nxe3 15. Qxe3 0-0 16. Bd3 Be6 17. g4 Nc4 18. Bxc4 Bxc4 19. Nf5 Rad8 20. b3 Bf7 21. Kc2 b5 22. h4 Rxd1 23. Rxd1 Rd8 24. Rxd8+ Qxd8 25. Nxe7+ Qxe7 26. h5 c4 27. b4 Qd7 28. Qd2 Qe7 29. Qd4 h6 30. a3 a5 31. Na2 axb4 32. axb4 Be6 33. f5 Bf7 34. Kc3 Qc7 35. Qe3 Qh2 36. Nc1 Qe5+ 37. Kc2 Bd5 38. Qc3 Qxe4+ 0-1

[Event "HUN-chT2 Erkel 1819"]
[Site "Hungary"]
[Date "2019.01.27"]
[Round "4.5"]
[White "Kormos, Adam"]
[Black "Lako, Laszlo"]
[Result "1-0"]
[WhiteElo "2184"]
[BlackElo "2076"]
[PlyCount "59"]
[EventDate "2018.10.28"]
[EventType "team-tourn"]
[EventRounds "9"]
[EventCountry "HUN"]
[SourceTitle "EXT 2021"]
[Source "ChessBase"]
[SourceDate "2020.10.23"]
[SourceVersion "1"]
[SourceVersionDate "2020.10.23"]
[SourceQuality "1"]
[WhiteTeam "Budapest EAC"]
[BlackTeam "Varosgazda Akademia"]
[WhiteTeamCountry "HUN"]
[BlackTeamCountry "HUN"]

1. e4 c6 2. c4 d5 3. exd5 cxd5 4. cxd5 Nf6 5. Qa4+ Nbd7 6. Nc3 g6 7. Nf3 Bg7 8. Bc4 0-0 9. d3 a6 10. Qa3 b6 11. 0-0 Bb7 12. Re1 Re8 13. Ng5 b5 14. Bb3 Rc8 15. d6 e6 16. Nge4 Nxe4 17. dxe4 Rxc3 18. bxc3 Bxc3 19. Be3 Qh4 20. Bxe6 Bxa1 21. Bxd7 Rd8 22. Bh3 Be5 23. d7 Bxe4 24. Rd1 Bc7 25. Qc5 Ba5 26. Qe5 Bf5 27. Qe8+ Kg7 28. Bd4+ Kh6 29. Qe3+ g5 30. Bxf5 1-0

[Event "HUN-ch rapid"]
[Site "Ajka"]
[Date "2018.07.22"]
[Round "13"]
[White "Dankhazi, Andras"]
[Black "Kormos, Adam"]
[Result "1-0"]
[WhiteElo "2289"]
[BlackElo "2201"]
[PlyCount "121"]
[EventDate "2018.07.20"]
[EventType "swiss (rapid)"]
[EventRounds "13"]
[EventCountry "HUN"]
[SourceTitle "CBM 185 Extra"]
[Source "ChessBase"]
[SourceDate "2018.07.29"]
[SourceVersion "1"]
[SourceVersionDate "2018.07.29"]
[SourceQuality "1"]

1. d4 d6 2. Nf3 Bg4 3. c4 Nd7 4. g3 Bxf3 5. exf3 g6 6. Nc3 c6 7. Be3 Bg7 8. Qd2 a6 9. d5 c5 10. h4 h5 11. f4 Nh6 12. Bh3 Rb8 13. a4 Qa5 14. Qd3 Nb6 15. Bd2 Qb4 16. Bf1 Nd7 17. Ra2 Qb3 18. a5 0-0 19. Ra3 Qxb2 20. Nd1 Qd4 21. Qe2 Qf6 22. Bh3 Nf5 23. Bc3 e5 24. Ne3 Rfe8 25. Bxf5 gxf5 26. Qxh5 Qg6 27. Qxf5 Qxf5 28. Nxf5 exf4+ 29. Kd2 Bxc3+ 30. Rxc3 b5 31. Nxd6 Red8 32. gxf4 Nf6 33. Rg3+ Kf8 34. Nf5 Ne4+ 35. Kc2 Nxg3 36. fxg3 bxc4 37. d6 Rb5 38. h5 Rxa5 39. h6 Kg8 40. Rb1 Rb5 41. Re1 Rb6 42. Rd1 Kh7 43. g4 Rd7 44. Rd5 c3 45. Rxc5 Rbxd6 46. Nxd6 Rxd6 47. g5 Kg6 48. Kxc3 f6 49. Kb4 fxg5 50. fxg5 Re6 51. Ka5 Rd6 52. Re5 Rc6 53. Kb4 Rd6 54. Kc5 Rd1 55. Rd5 Rb1 56. Kd6 Ra1 57. Ke7 a5 58. Kf8 Kh7 59. Rd7+ Kh8 60. g6 Rf1+ 61. Rf7 1-0

[Event "HUN-ch rapid"]
[Site "Ajka"]
[Date "2018.07.20"]
[Round "3"]
[White "Kormos, Adam"]
[Black "Cs Kovacs, Laszlo"]
[Result "0-1"]
[WhiteElo "2201"]
[BlackElo "1848"]
[PlyCount "70"]
[EventDate "2018.07.20"]
[EventType "swiss (rapid)"]
[EventRounds "13"]
[EventCountry "HUN"]
[SourceTitle "CBM 185 Extra"]
[Source "ChessBase"]
[SourceDate "2018.07.29"]
[SourceVersion "1"]
[SourceVersionDate "2018.07.29"]
[SourceQuality "1"]

1. e4 g6 2. d4 Bg7 3. Nc3 d6 4. Bg5 Nf6 5. e5 dxe5 6. dxe5 Qxd1+ 7. Rxd1 Nfd7 8. Nd5 0-0 9. Nxc7 Bxe5 10. Nxa8 f6 11. Bc1 b6 12. Nf3 Bd6 13. Bc4+ Kg7 14. Bd5 Nc5 15. 0-0 Nba6 16. c3 Bb7 17. Bxb7 Nxb7 18. Nxb6 axb6 19. b4 Rc8 20. Rd3 Nc7 21. Be3 b5 22. Nd4 Nd8 23. Nb3 Nc6 24. f4 Ne6 25. g3 Kf7 26. Re1 f5 27. Re2 h5 28. Kg2 Ra8 29. Nd4 Ncxd4 30. Bxd4 Ra3 31. Be5 Bxe5 32. Rxe5 Rxa2+ 33. Kh3 g5 34. Rxf5+ Kg6 35. Re5 g4+ 0-1

[Event "Budapest-chT1 Lilienthal 1718"]
[Site "Budapest"]
[Date "2018.03.18"]
[Round "12"]
[White "Kaczur, Florian"]
[Black "Kormos, Adam"]
[Result "1-0"]
[WhiteElo "2459"]
[BlackElo "2160"]
[PlyCount "51"]
[EventDate "2017.10.01"]
[EventType "team-tourn"]
[EventRounds "13"]
[EventCountry "HUN"]
[SourceTitle "EXT 2021"]
[Source "ChessBase"]
[SourceDate "2020.10.23"]
[SourceVersion "1"]
[SourceVersionDate "2020.10.23"]
[SourceQuality "1"]
[WhiteTeam "Barcza GSC"]
[BlackTeam "Budapest EAC II"]
[WhiteTeamCountry "HUN"]
[BlackTeamCountry "HUN"]

1. e4 e5 2. Nf3 Nc6 3. Bb5 a6 4. Ba4 Nf6 5. 0-0 b5 6. Bb3 Be7 7. Re1 0-0 8. c3 d5 9. d4 exd4 10. e5 Ne4 11. cxd4 Bg4 12. Nc3 Bxf3 13. gxf3 Nxf2 14. Kxf2 Bh4+ 15. Kg2 Bxe1 16. Qxe1 Ne7 17. Bg5 c6 18. Qh4 Ra7 19. Bc2 h6 20. Kh1 Qd7 21. Bd2 f5 22. Rg1 Qe6 23. Qg3 g5 24. Bxg5 Kh7 25. Bf6 Ng8 26. Qg6# 1-0

[Event "HUN-chT2 Erkel 1718"]
[Site "Hungary"]
[Date "2018.03.04"]
[Round "9.4"]
[White "Kormos, Adam"]
[Black "Gombocz, Zsolt"]
[Result "1-0"]
[WhiteElo "2160"]
[BlackElo "2101"]
[PlyCount "79"]
[EventDate "2017.09.24"]
[EventType "team-tourn"]
[EventRounds "11"]
[EventCountry "HUN"]
[SourceTitle "EXT 2021"]
[Source "ChessBase"]
[SourceDate "2020.10.23"]
[SourceVersion "1"]
[SourceVersionDate "2020.10.23"]
[SourceQuality "1"]
[WhiteTeam "Budapest EAC"]
[BlackTeam "Budapest MAFC"]
[WhiteTeamCountry "HUN"]
[BlackTeamCountry "HUN"]

1. e4 Nf6 2. e5 Nd5 3. Nc3 Nb6 4. a4 e6 5. a5 Nd5 6. Bc4 Nxc3 7. dxc3 d5 8. exd6 cxd6 9. Bf4 Be7 10. Qf3 0-0 11. Ne2 d5 12. Bd3 Bd6 13. Qh3 g6 14. Qh6 e5 15. h4 Re8 16. Bg3 Bf8 17. Qe3 Bg7 18. Bb5 Nc6 19. 0-0 Qe7 20. f4 a6 21. Bxc6 bxc6 22. fxe5 Bxe5 23. Qxe5 Qxe5 24. Bxe5 Rxe5 25. Nd4 Bd7 26. b4 Kg7 27. Rf3 Rae8 28. Raf1 f5 29. g4 Rf8 30. gxf5 gxf5 31. R1f2 Re4 32. h5 Rg4+ 33. Kf1 Rg5 34. Rh3 Kh6 35. Nf3 Rxh5 36. Rxh5+ Kxh5 37. Rh2+ Kg6 38. Ne5+ Kg7 39. Nxd7 Re8 40. Rxh7+ 1-0

[Event "Budapest-chT1 Lilienthal 1718"]
[Site "Budapest"]
[Date "2018.02.25"]
[Round "10"]
[White "Piroska, Istvan"]
[Black "Kormos, Adam"]
[Result "0-1"]
[WhiteElo "2133"]
[BlackElo "2160"]
[PlyCount "76"]
[EventDate "2017.10.01"]
[EventType "team-tourn"]
[EventRounds "13"]
[EventCountry "HUN"]
[SourceTitle "EXT 2021"]
[Source "ChessBase"]
[SourceDate "2020.10.23"]
[SourceVersion "1"]
[SourceVersionDate "2020.10.23"]
[SourceQuality "1"]
[WhiteTeam "Penzugyor III"]
[BlackTeam "Budapest EAC II"]
[WhiteTeamCountry "HUN"]
[BlackTeamCountry "HUN"]

1. e4 g6 2. d4 Bg7 3. Nf3 Nf6 4. Bd3 d5 5. e5 Ne4 6. Be3 c5 7. dxc5 Nc6 8. c3 0-0 9. Bd4 Bg4 10. Qe2 Bxe5 11. Qe3 Bxd4 12. cxd4 Qa5+ 13. Nbd2 Bxf3 14. gxf3 Qxd2+ 15. Qxd2 Nxd2 16. Kxd2 Nxd4 17. Ke3 Nc6 18. a3 a5 19. b3 e5 20. h4 f5 21. Rag1 f4+ 22. Kd2 Nd4 23. Rh3 Nxb3+ 24. Kc3 Nxc5 25. h5 Nxd3 26. Kxd3 Kg7 27. Rb1 Rf7 28. h6+ Kf6 29. Rb5 Rd7 30. Rh1 Rc8 31. Rxa5 Ke6 32. Rb1 Rdc7 33. Rb6+ Kf5 34. Rxd5 Rc2 35. Rb3 Rxf2 36. Rxb7 Rcc2 37. Rf7+ Ke6 38. Rfd7 Rfd2+ 0-1

[Event "Budapest Karacsonyi op"]
[Site "Budapest"]
[Date "2017.12.30"]
[Round "6"]
[White "Kormos, Adam"]
[Black "Pervai, Laszlo"]
[Result "1-0"]
[WhiteElo "2193"]
[BlackElo "1875"]
[PlyCount "83"]
[EventDate "2017.12.27"]
[EventType "swiss"]
[EventRounds "7"]
[EventCountry "HUN"]
[SourceTitle "CBM 182 Extra"]
[Source "ChessBase"]
[SourceDate "2018.02.23"]
[SourceVersion "1"]
[SourceVersionDate "2018.02.23"]
[SourceQuality "1"]

1. e4 c5 2. Nf3 Nc6 3. d4 cxd4 4. Nxd4 g6 5. Nc3 Bg7 6. Be3 Nf6 7. Nxc6 dxc6 8. Qxd8+ Kxd8 9. f3 Nd7 10. Be2 Kc7 11. a4 a5 12. h4 h5 13. Bc4 e6 14. Rd1 b6 15. Kf2 Ba6 16. Ba2 Bh6 17. Rxd7+ Kxd7 18. Bxb6 Rhb8 19. Be3 Bxe3+ 20. Kxe3 c5 21. e5 Ke7 22. b3 Rd8 23. Ne4 Rac8 24. c4 Rd4 25. Nxc5 Rdd8 26. Ne4 Rc6 27. Bb1 Rb8 28. Bc2 Bxc4 29. bxc4 Rxc4 30. Bd3 Rxa4 31. Rc1 Ra2 32. Rc7+ Kf8 33. Ng5 Rb3 34. Rxf7+ Ke8 35. Rf6 a4 36. Rxe6+ Kf8 37. Rd6 a3 38. e6 Rxg2 39. Rd8+ Ke7 40. Rd7+ Ke8 41. Nh7 Rxd3+ 42. Kxd3 1-0